000 00344nam a2200133Ia 4500
008 190216s9999||||xx |||||||||||||| ||und||
100 _aAlbert Cotton F & Geoffrey Wilkinson
245 0 _aBasic Inorganic Chemistry
250 _a1st Ed.
260 _bWiley Eastern Ltd
_c1988
300 _a579
650 _aChemistry-Chemistry
942 _cBK
999 _c2651
_d2651